000 00831nam a2200289Ia 4500
001 A0437
003 IT-RoPAU
008 130308s9999 xx 000 0 und d
040 _aIT-RoPAU
040 _cIT-RoPAU
041 _aITALIANO
100 _aMaltby Richard
100 _gCodice Aut. SPICS: 34543
245 _aUna vita breve e spericolata: il film Gangster, 1930-1932
245 _bPrima dei codici 2. Alle Porte di Hays
250 _a1a ed.
260 _aVENEZIA
260 _bLa Biennale
260 _c1991 [1° Ed.:1991 - Ed.Ling.Originale:1991]
300 _a"16 p. (prefazione: no ; testo: 16 [pagine: 159-174])"
500 _aTesto dell'Articolo in Italiano e Inglese.
650 _aSTORIA NAZIONALE DEL CINEMA
650 _eCodice materia Spics: 6809
942 _cBK
957 _71
999 _c83588
_d83588
999 _g1